1846 1250 1125 1949 1440 1432 1358 1210 1591 1225 1672 1229 1603 1721 1555 1943 1318 1151 1500 1052 1703 1822 1063 1026 1146 1959 1184 1525 1983 1245 1638 1940 1381 1399 1190 1823 1937 1955 1675 1655 1233 1640 1801 1205 1410 1321 1638 1002 1351 1901 1853 1435 1366 1789 1370 1863 1056 1021 1666 1639 1677 1123 1220 1334 1527 1113 1958 1169 1938 1364 1401 1911 1729 1313 1157 1471 1914 1149 1721 1706 1718 1629 1367 1999 1756 1611 1590 1615 1453 1713 1881 1445 1779 1928 1077 1748 1451 1471 1173 BCNSPRNW ULIB Ver.6.0+V

เปลี่ยนเป็นภาษาไทย

Change to English
 แสดงรายละเอียดบรรณานุกรม
  กลับหน้าหลัก

Brief Record : Get Marc (ISO 2709) : E-mail record : QR code < ปิดหน้าต่าง
LEADER : 00000nam 2200000uu 4500
001    13399112540
003     ULIB
008    110823sมปป.||||th 000 0 tha d
020    9789740699170
090    นว.^bT111อ
100 0  TheLittleFinger
245 00 โอมเพี้ยง แม่มดอลวนรักยกกำลังสอง/^cTheLittleFinger
250    พิมพ์ครั้งที่ 1
260    กรุงเทพฯ :^bแจ่มใส
300    187 หน้า
710 1  แจ่มใส
945    ^p139^l0^i15322
995    กัณชพร
999     ^aใช้งานได้ทุกระบบ
รายการนี้ยังไม่มีแท็ก
คุณยังไม่ได้ล็อกอิน คุณสามารถมีกิจกรรมร่วมกับเว็บไซต์ได้ แต่ต้องล็อกอินก่อน ::
  ล็อกอิน

รายการสื่อสารสนเทศ

ลำดับที่ ประเภท เลขเรียก/บาร์โค้ด สถานที่ สถานะ
1. นวนิยาย
นวนิยาย
นว. T111อ  
  Barcode: 15322
ห้องสมุดวิทยาเขตสวรรค์ประชารักษ์
►นวนิยาย
บนชั้น
  ขอยืม

รายการใกล้เคียง
    ผู้แต่ง [TheLittleFinger]

BibComment


ยังไม่เคยถูกคอมเมนท์

คอมเมนท์ทรัพยากรรายการนี้
  คอมเมนท์: โอมเพี้ยง แม่มดอล..


 Copyright 2026. Bcnsprnw @Library